[Event "Tata Steel-B 87th"]
[Site "Wijk aan Zee"]
[Date "2025.01.25"]
[Round "7"]
[White "Oro, Faustino"]
[Black "Nguyen, Thai Dai Van"]
[Result "0-1"]
[WhiteElo "2447"]
[BlackElo "2668"]
[PlyCount "100"]
[EventDate "2025.01.18"]
[EventType "tourn"]
[EventRounds "13"]
[EventCountry "NED"]
[EventCategory "12"]
[SourceTitle "CB06_2025"]
[SourceDate "2025.02.05"]
[SourceVersion "1"]
[SourceVersionDate "2025.02.05"]
[SourceQuality "1"]

1. e4 c5 2. Nc3 Nc6 3. Bb5 Nd4 4. Bc4 a6 5. a4 e6 6. Nge2 Ne7 7. Nxd4 cxd4 8. Ne2 Nc6 9. 0-0 Bc5 10. d3 0-0 11. Ng3 b6 12. Qh5 g6 13. Qe2 d5 14. Bb3 Re8 15. Re1 Bb7 16. Bd2 dxe4 17. Nxe4 Be7 18. Qf3 Rc8 19. Rac1 Ba8 20. Qg3 Na5 21. Ba2 Qd7 22. Qe5 Bxe4 23. Qxe4 Qxa4 24. Bxa5 Qxa5 25. Bb3 Qc5 26. Ra1 a5 27. Ra4 Bf6 28. g3 Qd6 29. Rea1 Rc5 30. Rc4 Rxc4 31. Bxc4 Rb8 32. Bb3 Qc7 33. Qe1 Be7 34. Qe4 Bf6 35. Qe1 Be7 36. Qe4 b5 37. Rc1 a4 38. Ba2 Bg5 39. Re1 Bf6 40. Qe2 Rc8 41. Rc1 Bg5 42. f4 Bf6 43. Qe4 Qc6 44. Qxc6 Rxc6 45. Kf1 g5 46. Ke2 Rc5 47. Kd2 gxf4 48. gxf4 Rf5 49. Rf1 Rxf4 50. Rxf4 Bg5 0-1

[Event "Tata Steel-B 87th"]
[Site "Wijk aan Zee"]
[Date "2025.01.22"]
[Round "5"]
[White "Gurel, Ediz"]
[Black "Nguyen, Thai Dai Van"]
[Result "1/2-1/2"]
[WhiteElo "2624"]
[BlackElo "2668"]
[PlyCount "237"]
[EventDate "2025.01.18"]
[EventType "tourn"]
[EventRounds "13"]
[EventCountry "NED"]
[EventCategory "12"]
[SourceTitle "CB06_2025"]
[SourceDate "2025.02.05"]
[SourceVersion "1"]
[SourceVersionDate "2025.02.05"]
[SourceQuality "1"]

1. e4 e5 2. Nf3 Nc6 3. Bb5 Nf6 4. d3 d6 5. 0-0 Be7 6. Re1 0-0 7. c3 a6 8. Ba4 Re8 9. Nbd2 Bf8 10. Nf1 h6 11. Ng3 b5 12. Bb3 Be6 13. a4 b4 14. Bxe6 Rxe6 15. d4 d5 16. dxe5 Nxe4 17. c4 Nxe5 18. cxd5 Nxf2 19. Kxf2 Ng4+ 20. Kf1 Rxe1+ 21. Qxe1 Qf6 22. Qe4 Nxh2+ 23. Kg1 Nxf3+ 24. gxf3 Bd6 25. Nf5 Rd8 26. Nxd6 Rxd6 27. Qe8+ Kh7 28. Qe4+ Kg8 29. Kf2 c6 30. dxc6 Rxc6 31. Bd2 Qd6 32. Bf4 Qc5+ 33. Kf1 Re6 34. Qd3 Rg6 35. Re1 Qg1+ 36. Ke2 Qg2+ 37. Kd1 Qxb2 38. Qc2 Qd4+ 39. Bd2 Qa1+ 40. Ke2 Qd4 41. Kd1 Qa1+ 42. Ke2 Qf6 43. Qd3 b3 44. Bc3 Qh4 45. Kd1 Qxa4 46. Bb2 Qh4 47. Re8+ Kh7 48. Re4 Qh2 49. Re2 Qd6 50. Kd2 Qb4+ 51. Kd1 Qd6 52. Kd2 Qb4+ 53. Kd1 a5 54. Re4 Qd6 55. Rd4 Qh2 56. Kc1 Qc7+ 57. Bc3 Qh2 58. Bxa5 f5 59. Bd2 Qe5 60. Bc3 Qe6 61. Rd5 Rg2 62. Bd2 Qf6 63. Qxb3 Rg1+ 64. Kc2 Qc6+ 65. Kd3 Qa6+ 66. Ke3 Qa7+ 67. Rd4 Qe7+ 68. Kd3 Qe5 69. Rd5 Qe6 70. Qb5 Rb1 71. Qc5 Rb3+ 72. Bc3 Qe1 73. Qd4 Qf1+ 74. Kc2 Rb7 75. Qd3 Qxd3+ 76. Kxd3 Rf7 77. Ke3 Kg6 78. Kf4 Rc7 79. Bd4 Rf7 80. Bf2 Rb7 81. Rd6+ Kh5 82. Kxf5 Rf7+ 83. Ke4 Re7+ 84. Kf4 g5+ 85. Kf5 Rb7 86. Bd4 Rb3 87. Ke4 Rb4 88. Rc6 Ra4 89. Ke3 Ra3+ 90. Kf2 Ra2+ 91. Kg3 Ra3 92. Re6 Rb3 93. Bc5 Rb8 94. Rf6 Rg8 95. Re6 Rg6 96. Re5 Rf6 97. Be3 Kg6 98. Rd5 Re6 99. Bd4 Kh5 100. Kf2 Kg6 101. Be5 Kf5 102. Bb2+ Kg6 103. Bd4 Ra6 104. Ke3 Re6+ 105. Kd3 Re7 106. Be5 Rb7 107. Ke4 Kh5 108. Rd6 Rb4+ 109. Kf5 Rb3 110. f4 gxf4 111. Bxf4 Rb5+ 112. Be5 Rb1 113. Rd3 Rb4 114. Ra3 Rc4 115. Bd6 Rd4 116. Bf4 Kh4 117. Ra6 h5 118. Ra3 Rxf4+ 119. Kxf4 1/2-1/2

[Event "Bundesliga 2425"]
[Site "Germany"]
[Date "2024.12.01"]
[Round "4.1"]
[White "Vachier Lagrave, Maxime"]
[Black "Nguyen, Thai Dai Van"]
[Result "1/2-1/2"]
[WhiteElo "2731"]
[BlackElo "2647"]
[PlyCount "42"]
[EventDate "2024.09.28"]
[EventType "team-tourn"]
[EventRounds "15"]
[EventCountry "GER"]
[SourceTitle "CB49_2024"]
[SourceDate "2024.12.04"]
[SourceVersion "1"]
[SourceVersionDate "2024.12.04"]
[SourceQuality "1"]
[WhiteTeam "Baden-Baden"]
[BlackTeam "Dresden TU"]
[WhiteTeamCountry "GER"]
[BlackTeamCountry "GER"]

1. e4 e5 2. Nf3 Nc6 3. Bb5 a6 4. Ba4 Nf6 5. 0-0 Bc5 6. c3 0-0 7. d4 Ba7 8. dxe5 Nxe4 9. Qd5 Nc5 10. Bc2 Ne7 11. Qd4 d6 12. Bg5 h6 13. Qh4 Re8 14. Bxe7 Qxe7 15. Qxe7 Rxe7 16. exd6 cxd6 17. Nbd2 Bd7 18. Rfe1 Rae8 19. Rxe7 Rxe7 20. Re1 Rxe1+ 21. Nxe1 Kf8 1/2-1/2

[Event "Olympiad-45"]
[Site "Budapest"]
[Date "2024.09.15"]
[Round "5.25"]
[White "Elbilia, Jacques"]
[Black "Nguyen, Thai Dai Van"]
[Result "0-1"]
[WhiteElo "2343"]
[BlackElo "2647"]
[PlyCount "96"]
[EventDate "2024.09.11"]
[EventType "team-swiss"]
[EventRounds "11"]
[EventCountry "HUN"]
[SourceTitle "EXT 2025"]
[Source "ChessBase"]
[SourceDate "2024.10.14"]
[SourceVersion "1"]
[SourceVersionDate "2024.10.14"]
[SourceQuality "1"]
[WhiteTeam "Morocco"]
[BlackTeam "Czech Republic"]
[WhiteTeamCountry "MAR"]
[BlackTeamCountry "CZE"]

1. d4 Nf6 2. c4 e6 3. Nc3 d5 4. cxd5 exd5 5. Bg5 Be7 6. e3 h6 7. Bh4 Bg4 8. Qc2 0-0 9. h3 Be6 10. Nf3 Ne8 11. Bg3 Bd6 12. Bxd6 Nxd6 13. Bd3 Nd7 14. Ne5 Rc8 15. 0-0 c5 16. Nxd7 Qxd7 17. dxc5 Rxc5 18. f4 Bf5 19. Rad1 Re8 20. Rfe1 Be4 21. Qa4 Qc6 22. Bxe4 Nxe4 23. Qxc6 bxc6 24. Nxe4 Rxe4 25. Kf2 Rec4 26. Re2 Kf8 27. Rd4 Rxd4 28. exd4 Rc1 29. Ke3 h5 30. Kd3 h4 31. Re5 Rd1+ 32. Kc3 Rc1+ 33. Kd3 Rf1 34. Rh5 Kg8 35. Re5 Kf8 36. Rh5 Rxf4 37. Rh8+ Ke7 38. Ra8 Rf2 39. Rxa7+ Ke6 40. Rc7 Rxb2 41. Rxc6+ Kd7 42. Ra6 Rxg2 43. Ke3 g5 44. Rf6 Rg3+ 45. Ke2 Ke7 46. Rf5 f6 47. Rxd5 Rxh3 48. Ra5 Rc3 0-1

[Event "Olympiad-45"]
[Site "Budapest"]
[Date "2024.09.12"]
[Round "2.19"]
[White "Nguyen, Thai Dai Van"]
[Black "Amartuvshin, Ganzorig"]
[Result "1-0"]
[WhiteElo "2647"]
[BlackElo "2402"]
[PlyCount "108"]
[EventDate "2024.09.11"]
[EventType "team-swiss"]
[EventRounds "11"]
[EventCountry "HUN"]
[SourceTitle "EXT 2025"]
[Source "ChessBase"]
[SourceDate "2024.10.14"]
[SourceVersion "1"]
[SourceVersionDate "2024.10.14"]
[SourceQuality "1"]
[WhiteTeam "Czech Republic"]
[BlackTeam "Mongolia"]
[WhiteTeamCountry "CZE"]
[BlackTeamCountry "MGL"]

1. c4 Nf6 2. Nf3 e6 3. g3 d5 4. Bg2 dxc4 5. Qa4+ Nbd7 6. Qxc4 c5 7. Qb3 Bd6 8. 0-0 e5 9. d3 0-0 10. a4 h6 11. a5 Nb8 12. Nfd2 Nc6 13. a6 Rb8 14. Qd1 Qd7 15. axb7 Bxb7 16. Nc3 a6 17. Nc4 Nb4 18. Qa4 Qe6 19. Be3 Bxg2 20. Kxg2 Be7 21. f3 Nd7 22. Rfc1 f5 23. Nd2 Kh7 24. Qd1 Nb6 25. Bf2 Rfc8 26. Na4 Nxa4 27. Rxa4 Nd5 28. Nc4 f4 29. g4 Rc6 30. Rca1 h5 31. h3 Rh8 32. Na5 Rcc8 33. Nc4 Rc6 34. Qb3 Rd8 35. Qc2 Nb4 36. Qc1 Rb8 37. Na5 Rcb6 38. Nc4 Rc6 39. Na5 Rcb6 40. Qc4 Qg6 41. Rc1 Rb5 42. Qe4 Qxe4 43. fxe4 f3+ 44. Kxf3 Rf8+ 45. Kg3 Bh4+ 46. Kxh4 Rxf2 47. Nc4 Rxe2 48. Ra3 Rg2 49. gxh5 Nc6 50. Rxa6 g5+ 51. hxg6+ Rxg6 52. Rf1 Rh6+ 53. Kg3 Rb7 54. Nd2 Rd7 1-0

[Event "CEZ Trophy CZE-ISR"]
[Site "Prague"]
[Date "2024.06.29"]
[Round "3"]
[White "Gelfand, Boris"]
[Black "Nguyen, Thai Dai Van"]
[Result "1/2-1/2"]
[WhiteElo "2658"]
[BlackElo "2647"]
[PlyCount "64"]
[EventDate "2024.06.29"]
[EventType "team-tourn (rapid)"]
[EventRounds "8"]
[EventCountry "CZE"]
[SourceTitle "CBM 220 Extra"]
[Source "ChessBase"]
[SourceDate "2024.07.31"]
[SourceVersion "1"]
[SourceVersionDate "2024.07.31"]
[SourceQuality "1"]
[WhiteTeam "Izrael"]
[BlackTeam "Czech Republic"]
[WhiteTeamCountry "ISR"]
[BlackTeamCountry "CZE"]

1. Nf3 Nf6 2. c4 b6 3. d4 e6 4. g3 Bb7 5. Bg2 Be7 6. 0-0 0-0 7. Nc3 Ne4 8. Bd2 f5 9. Nxe4 Bxe4 10. Bc3 d5 11. cxd5 Bxd5 12. Rc1 Nd7 13. Qa4 a5 14. Rfd1 c6 15. Ne1 b5 16. Qc2 Nf6 17. b3 a4 18. Bb2 a3 19. Ba1 Rc8 20. Nd3 Bxg2 21. Kxg2 Nd5 22. Nc5 Bxc5 23. dxc5 Qg5 24. Be5 Rce8 25. Bd6 Rf6 26. Be5 Rf7 27. e3 Qh5 28. Rd4 g5 29. Qd1 Qg6 30. Qd3 Qh5 31. Qd1 Qg6 32. Qd3 Qh5 1/2-1/2

[Event "CEZ Trophy CZE-ISR"]
[Site "Prague"]
[Date "2024.06.29"]
[Round "1"]
[White "Rodshtein, Maxim"]
[Black "Nguyen, Thai Dai Van"]
[Result "0-1"]
[WhiteElo "2593"]
[BlackElo "2647"]
[PlyCount "90"]
[EventDate "2024.06.29"]
[EventType "team-tourn (rapid)"]
[EventRounds "8"]
[EventCountry "CZE"]
[SourceTitle "CBM 220 Extra"]
[Source "ChessBase"]
[SourceDate "2024.07.31"]
[SourceVersion "1"]
[SourceVersionDate "2024.07.31"]
[SourceQuality "1"]
[WhiteTeam "Izrael"]
[BlackTeam "Czech Republic"]
[WhiteTeamCountry "ISR"]
[BlackTeamCountry "CZE"]

1. c4 Nf6 2. d4 e6 3. Nc3 Bb4 4. e3 0-0 5. Bd3 Re8 6. Nge2 d5 7. 0-0 b6 8. cxd5 exd5 9. Bd2 Bf8 10. Nf4 c6 11. Rc1 Bd6 12. f3 Bxf4 13. exf4 Ba6 14. Bxa6 Nxa6 15. Qa4 Qc8 16. Nd1 c5 17. Nf2 Qb7 18. b3 Rac8 19. Nd3 c4 20. Ne5 b5 21. Qa5 Nb8 22. a4 a6 23. bxc4 dxc4 24. axb5 axb5 25. Rb1 Nc6 26. Nxc6 Qxc6 27. Qxb5 c3 28. Qxc6 Rxc6 29. Bc1 c2 30. Rb5 Rc4 31. Rf2 h6 32. Rc5 Rxc5 33. dxc5 Re1+ 34. Rf1 Rd1 35. c6 Nd5 36. Kf2 Kf8 37. Re1 f6 38. Ke2 Nc3+ 39. Kf2 Nd5 40. Ke2 Ke8 41. Bb2 Nxf4+ 42. Kf1+ Rxe1+ 43. Kxe1 Nd3+ 44. Kd2 Nxb2 45. Kxc2 Nc4 0-1

[Event "Sharjah Masters 7th"]
[Site "Sharjah"]
[Date "2024.05.22"]
[Round "9"]
[White "Nguyen, Thai Dai Van"]
[Black "Madaminov, Mukhiddin"]
[Result "1-0"]
[WhiteElo "2650"]
[BlackElo "2506"]
[PlyCount "105"]
[EventDate "2024.05.14"]
[EventType "swiss"]
[EventRounds "9"]
[EventCountry "UAE"]
[SourceTitle "CBM 220"]
[Source "ChessBase"]
[SourceDate "2024.06.30"]
[SourceVersion "1"]
[SourceVersionDate "2024.06.30"]
[SourceQuality "1"]

1. e4 e5 2. Nf3 Nf6 3. Nxe5 d6 4. Nf3 Nxe4 5. d4 d5 6. Bd3 Bd6 7. 0-0 0-0 8. c4 c6 9. Re1 Bf5 10. Ng5 Re8 11. Bxe4 dxe4 12. Nc3 Nd7 13. Ngxe4 Bxe4 14. Nxe4 Bxh2+ 15. Kf1 Bc7 16. Bg5 f6 17. Bh4 Nf8 18. d5 cxd5 19. cxd5 Ng6 20. d6 Nxh4 21. d7 Re7 22. Qd5+ Kh8 23. Nc5 Ng6 24. Rxe7 Nxe7 25. Qe6 Ng6 26. Nxb7 Qg8 27. Qxg8+ Rxg8 28. Rd1 Bd8 29. b4 Ne5 30. f4 Nf7 31. a4 g5 32. Re1 Bc7 33. Rc1 Bxf4 34. Rc8 a6 35. a5 Kg7 36. b5 axb5 37. a6 Bb8 38. Nc5 Ba7 39. Ne6+ Kh8 40. Rc7 Be3 41. Ke2 Bg1 42. Rc1 Ba7 43. Rc7 Bg1 44. Rc1 Ba7 45. Rc8 h5 46. Nc7 b4 47. Nb5 b3 48. Kd2 b2 49. Kc2 Bb6 50. Nd6 Nd8 51. Rb8 Bc7 52. a7 Bxd6 53. Rc8 1-0

[Event "Sharjah Masters 7th"]
[Site "Sharjah"]
[Date "2024.05.21"]
[Round "8"]
[White "Salem, AR Saleh"]
[Black "Nguyen, Thai Dai Van"]
[Result "1-0"]
[WhiteElo "2629"]
[BlackElo "2650"]
[PlyCount "103"]
[EventDate "2024.05.14"]
[EventType "swiss"]
[EventRounds "9"]
[EventCountry "UAE"]
[SourceTitle "CBM 220"]
[Source "ChessBase"]
[SourceDate "2024.06.30"]
[SourceVersion "1"]
[SourceVersionDate "2024.06.30"]
[SourceQuality "1"]

1. d4 d5 2. Nf3 Nf6 3. g3 g6 4. Bg2 Bg7 5. c4 c6 6. 0-0 0-0 7. a4 Be6 8. Nc3 dxc4 9. e4 Bg4 10. h3 Bxf3 11. Bxf3 e5 12. dxe5 Nfd7 13. e6 fxe6 14. Be2 Ne5 15. Be3 Nd3 16. Bxd3 cxd3 17. Qb3 Qc8 18. f4 c5 19. Qc4 b6 20. e5 Nc6 21. Qxd3 Rd8 22. Qe4 Nb4 23. Rfd1 Qc6 24. Qxc6 Nxc6 25. Nb5 Bf8 26. Kf2 Kf7 27. Kf3 Be7 28. Ke4 a6 29. Na3 Nb4 30. g4 Nd5 31. Bf2 Rac8 32. Nc4 b5 33. axb5 axb5 34. Ne3 Nxe3 35. Bxe3 Rxd1 36. Rxd1 Ra8 37. Rd7 Ra4+ 38. Kf3 Ke8 39. Rb7 b4 40. f5 gxf5 41. gxf5 exf5 42. Kf4 c4 43. Kxf5 c3 44. bxc3 bxc3 45. Rc7 Ra2 46. Rc8+ Kd7 47. Rxc3 Ra6 48. Rb3 Ra8 49. Rb7+ Ke8 50. Bg5 Bxg5 51. Kxg5 h6+ 52. Kf6 1-0

[Event "Sharjah Masters 7th"]
[Site "Sharjah"]
[Date "2024.05.20"]
[Round "7"]
[White "Nguyen, Thai Dai Van"]
[Black "Yuffa, Daniil"]
[Result "1-0"]
[WhiteElo "2650"]
[BlackElo "2617"]
[PlyCount "123"]
[EventDate "2024.05.14"]
[EventType "swiss"]
[EventRounds "9"]
[EventCountry "UAE"]
[SourceTitle "CBM 220"]
[Source "ChessBase"]
[SourceDate "2024.06.30"]
[SourceVersion "1"]
[SourceVersionDate "2024.06.30"]
[SourceQuality "1"]

1. e4 c6 2. Nf3 d5 3. d3 dxe4 4. dxe4 Qxd1+ 5. Kxd1 Nf6 6. Nbd2 g6 7. a4 b6 8. Ne5 Bg7 9. Nd3 0-0 10. f3 Na6 11. c3 Ne8 12. Kc2 Nd6 13. Be2 e5 14. b3 f5 15. Nf2 Nc7 16. Nc4 Nxc4 17. Bxc4+ Be6 18. Bxe6+ Nxe6 19. Re1 Rad8 20. Nd3 fxe4 21. Rxe4 Rxd3 22. Kxd3 Nc5+ 23. Ke2 Nxe4 24. fxe4 Rb8 25. Be3 Bf6 26. b4 Kf7 27. a5 Ke6 28. axb6 axb6 29. Ra6 Bd8 30. Ra7 Be7 31. Ra6 Bd8 32. Ra7 Be7 33. g3 b5 34. h4 Rd8 35. Bc5 Rd7 36. Ra6 Rc7 37. Ra8 Bxc5 38. bxc5 Rb7 39. Re8+ Kd7 40. Rxe5 Ra7 41. h5 Ra3 42. hxg6 hxg6 43. Kd2 b4 44. cxb4 Rxg3 45. Ke2 Rb3 46. Rg5 Ke6 47. Rxg6+ Ke5 48. Rxc6 Rxb4 49. Kd3 Rd4+ 50. Kc3 Rxe4 51. Rd6 Rh4 52. Kb3 Rg4 53. Rd8 Ke6 54. c6 Rg7 55. Kb4 Ra7 56. Kc5 Ke7 57. Rd1 Ra2 58. c7 Rc2+ 59. Kb6 Rb2+ 60. Kc6 Rc2+ 61. Kb7 Rb2+ 62. Kc8 1-0

[Event "Titled Tuesday intern op 30th Apr Early"]
[Site "Chess.com INT"]
[Date "2024.04.30"]
[Round "6"]
[White "Teimouri Yadkuri, Shahdad"]
[Black "Nguyen, Thai Dai Van"]
[Result "0-1"]
[WhiteElo "2201"]
[BlackElo "2643"]
[PlyCount "58"]
[EventDate "2024.04.30"]
[EventType "swiss (blitz)"]
[EventRounds "11"]
[EventCountry "USA"]
[SourceTitle "CBM 220 Extra"]
[Source "ChessBase"]
[SourceDate "2024.07.31"]
[SourceVersion "1"]
[SourceVersionDate "2024.07.31"]
[SourceQuality "1"]

1. Nf3 Nf6 2. g3 g6 3. Bg2 Bg7 4. 0-0 0-0 5. d4 Nc6 6. c4 a6 7. Nc3 d6 8. e4 Bg4 9. h3 Bxf3 10. Bxf3 e5 11. d5 Nd4 12. Bg2 c5 13. f4 Nh5 14. Kh2 exf4 15. gxf4 b5 16. cxb5 axb5 17. Be3 Qh4 18. Ne2 Nxe2 19. Qxe2 Ng3 20. Qxb5 Rab8 21. Qc6 Rxb2 22. Rf2 Nxe4 23. Rxb2 Qg3+ 24. Kh1 Qxe3 25. Rab1 Ng3+ 26. Kh2 Qxf4 27. Rb8 Nf1+ 28. Kg1 Bd4+ 29. Kh1 Qh2# 0-1

[Event "CZE-chT 2324"]
[Site "Czech Republic"]
[Date "2024.04.07"]
[Round "11.3"]
[White "Nguyen, Thai Dai Van"]
[Black "Hracek, Zbynek"]
[Result "1-0"]
[WhiteElo "2643"]
[BlackElo "2537"]
[PlyCount "127"]
[EventDate "2023.10.14"]
[EventType "team-tourn"]
[EventRounds "11"]
[EventCountry "CZE"]
[SourceTitle "EXT 2025"]
[Source "ChessBase"]
[SourceDate "2024.10.14"]
[SourceVersion "1"]
[SourceVersionDate "2024.10.14"]
[SourceQuality "1"]
[WhiteTeam "Novoborsky"]
[BlackTeam "Pardubice"]
[WhiteTeamCountry "CZE"]
[BlackTeamCountry "CZE"]

1. c4 e6 2. g3 d5 3. Bg2 Nf6 4. Nf3 Be7 5. d4 0-0 6. Nc3 c6 7. 0-0 Nbd7 8. b3 b6 9. Qd3 Bb7 10. e4 dxe4 11. Nxe4 c5 12. Nxf6+ Bxf6 13. Ng5 Bxg5 14. Bxb7 Rb8 15. Bxg5 Qxg5 16. Bg2 Rfd8 17. Rad1 cxd4 18. Qxd4 a5 19. h4 Qc5 20. Qd2 Qc7 21. Qe3 Nf6 22. Bf3 h6 23. Rfe1 Rbc8 24. Kg2 Kf8 25. Qc3 Rxd1 26. Rxd1 Ke7 27. a3 Qc5 28. Qb2 Rd8 29. Rxd8 Kxd8 30. Be2 Ke7 31. b4 axb4 32. axb4 Qc6+ 33. Kg1 g5 34. hxg5 hxg5 35. Qc1 Qd6 36. c5 bxc5 37. bxc5 Qe5 38. c6 Nd5 39. Bf3 Nc7 40. Qd2 Kf6 41. Qd7 Qe1+ 42. Kg2 Qe5 43. Kh2 Kg6 44. Kg1 Qe1+ 45. Kg2 Qe5 46. Qe7 Kg7 47. Bh5 Qe4+ 48. Bf3 Qe5 49. Qd8 Na6 50. Qd7 Nc7 51. Bh5 Qe4+ 52. Kg1 Qe1+ 53. Kg2 Qe4+ 54. Bf3 Qe5 55. Qd8 Na6 56. Qc8 Nc7 57. Qb8 f5 58. Qd8 g4 59. Qg5+ Kh7 60. Bxg4 Qg7 61. Qh4+ Kg8 62. Qd8+ Kh7 63. Bh5 Nd5 64. Qd7 1-0

[Event "Prague Masters 6th"]
[Site "Prague"]
[Date "2024.03.02"]
[Round "5"]
[White "Keymer, Vincent"]
[Black "Nguyen, Thai Dai Van"]
[Result "1/2-1/2"]
[WhiteElo "2738"]
[BlackElo "2630"]
[PlyCount "96"]
[EventDate "2024.02.26"]
[EventType "tourn"]
[EventRounds "9"]
[EventCountry "CZE"]
[EventCategory "19"]
[SourceTitle "CBM 219"]
[Source "ChessBase"]
[SourceDate "2024.04.30"]
[SourceVersion "1"]
[SourceVersionDate "2024.04.30"]
[SourceQuality "1"]

1. d4 Nf6 2. c4 e6 3. Nf3 d5 4. Nc3 c5 5. e3 dxc4 6. Bxc4 a6 7. e4 b5 8. Bb3 cxd4 9. Nxd4 Nbd7 10. Be3 Bb7 11. 0-0 Bb4 12. a4 0-0 13. axb5 axb5 14. Rxa8 Qxa8 15. f3 Qb8 16. Kh1 Bc5 17. Qe2 b4 18. Na4 Bd6 19. Qb5 Bxh2 20. Nxe6 fxe6 21. Bxe6+ Kh8 22. Bxd7 Nxd7 23. Qxd7 Bxe4 24. Ba7 Bf5 25. Bxb8 Bxd7 26. Bxh2 Bxa4 27. Rc1 b3 28. Rc7 Kg8 29. Rb7 Rf7 30. Rb4 Ra7 31. Bg1 Ra8 32. Bd4 Bc6 33. Rxb3 Rd8 34. Bc3 Rd7 35. Rb6 Bd5 36. Kh2 Rb7 37. Rd6 Bb3 38. g4 Kf7 39. Kg3 Be6 40. Rd8 Rd7 41. Rh8 h6 42. Be5 Rd5 43. f4 Rd3+ 44. Kh4 Rd5 45. Kg3 Rd3+ 46. Kf2 Bxg4 47. Rh7 Rf3+ 48. Kg2 Rxf4 1/2-1/2

[Event "Prague Masters 6th"]
[Site "Prague"]
[Date "2024.02.28"]
[Round "2"]
[White "Nguyen, Thai Dai Van"]
[Black "Gukesh, Dommaraju"]
[Result "0-1"]
[WhiteElo "2630"]
[BlackElo "2743"]
[PlyCount "104"]
[EventDate "2024.02.26"]
[EventType "tourn"]
[EventRounds "9"]
[EventCountry "CZE"]
[EventCategory "19"]
[SourceTitle "CBM 219"]
[Source "ChessBase"]
[SourceDate "2024.04.30"]
[SourceVersion "1"]
[SourceVersionDate "2024.04.30"]
[SourceQuality "1"]

1. c4 e6 2. g3 d5 3. Bg2 d4 4. Nf3 c5 5. 0-0 Ne7 6. d3 Nec6 7. e3 Be7 8. Re1 0-0 9. Na3 dxe3 10. Bxe3 e5 11. Qb3 Na6 12. Rad1 Nab4 13. Nc2 Nxc2 14. Qxc2 Bg4 15. h3 Be6 16. Qc3 f6 17. Qa3 Nb4 18. Qb3 Qc8 19. Kh2 Rb8 20. a3 Nc6 21. Nd2 Kh8 22. Qc2 Qd7 23. Ne4 b6 24. Nc3 Nd4 25. Bxd4 cxd4 26. Nd5 Bd6 27. b4 f5 28. Qe2 Rbe8 29. Rc1 Bb8 30. Kg1 Bf7 31. Qd2 Be6 32. Qd1 Qf7 33. Rc2 b5 34. Rce2 Rc8 35. Rxe5 Bxe5 36. Rxe5 bxc4 37. Nf4 Bd7 38. dxc4 Rxc4 39. Bf1 Qf6 40. Rd5 Rc7 41. b5 Rfc8 42. Qxd4 Qxd4 43. Rxd4 Be8 44. Bd3 Rd7 45. Rb4 g6 46. a4 Rcd8 47. Bc4 Rd1+ 48. Kg2 R8d4 49. Ne6 a5 50. Nxd4 Rxd4 51. Rb1 Rxc4 52. Kf1 Kg7 0-1

[Event "Bundesliga 2324"]
[Site "Germany"]
[Date "2024.02.04"]
[Round "8.8"]
[White "Bjerre, Jonas Buhl"]
[Black "Nguyen, Thai Dai Van"]
[Result "1/2-1/2"]
[WhiteElo "2637"]
[BlackElo "2618"]
[PlyCount "80"]
[EventDate "2023.10.21"]
[EventType "team-tourn"]
[EventRounds "15"]
[EventCountry "GER"]
[SourceTitle "CBM 218 Extra"]
[Source "ChessBase"]
[SourceDate "2024.03.31"]
[SourceVersion "1"]
[SourceVersionDate "2024.03.31"]
[SourceQuality "1"]
[WhiteTeam "Kiel Turm"]
[BlackTeam "Muelheim Nord"]
[WhiteTeamCountry "GER"]
[BlackTeamCountry "GER"]

1. e4 e5 2. Nf3 Nc6 3. Bb5 Nf6 4. d3 Bc5 5. Nc3 d6 6. Na4 Bb6 7. c3 h6 8. h3 0-0 9. 0-0 Ne7 10. Nxb6 axb6 11. Ba4 Ng6 12. Bc2 Re8 13. Re1 b5 14. d4 Bd7 15. Nh2 c6 16. Nf1 Qc7 17. Ng3 Rad8 18. Be3 d5 19. exd5 Nxd5 20. Qf3 Nxe3 21. fxe3 exd4 22. exd4 Qf4 23. Qd3 Be6 24. Re4 Bc4 25. Rxf4 Bxd3 26. Rf2 Bxc2 27. Rxc2 b4 28. cxb4 Rxd4 29. a3 Nf4 30. Rf1 Re5 31. Rff2 h5 32. Rfd2 Rxd2 33. Rxd2 h4 34. Nf1 Rg5 35. Kh2 Re5 36. Kg1 Rg5 37. Kh2 Kf8 38. Ne3 Re5 39. Nc4 Re6 40. Nd6 b5 1/2-1/2

[Event "EU-ch Blitz"]
[Site "Zagreb"]
[Date "2023.12.16"]
[Round "8"]
[White "Haszon, David"]
[Black "Nguyen, Thai Dai Van"]
[Result "0-1"]
[WhiteElo "2245"]
[BlackElo "2632"]
[PlyCount "60"]
[EventDate "2023.12.16"]
[EventType "swiss (blitz)"]
[EventRounds "13"]
[EventCountry "CRO"]
[SourceTitle "CBM 217 Extra"]
[Source "ChessBase"]
[SourceDate "2024.01.31"]
[SourceVersion "1"]
[SourceVersionDate "2024.01.31"]
[SourceQuality "1"]

1. d4 d5 2. Bf4 Nf6 3. e3 c5 4. Nd2 Nc6 5. c3 cxd4 6. cxd4 Bf5 7. a3 e6 8. Ngf3 Be7 9. Be2 0-0 10. b4 Rc8 11. 0-0 Nh5 12. Bg3 Nxg3 13. hxg3 a6 14. Rc1 a5 15. b5 Nb8 16. Qb3 Qd6 17. a4 Nd7 18. Bd3 Bxd3 19. Qxd3 Nb6 20. Ra1 Rc7 21. Nb3 Qb4 22. Nc5 Bxc5 23. dxc5 Qxc5 24. Ng5 g6 25. Rac1 Nc4 26. e4 Rd8 27. Rfd1 Qe7 28. f4 Nb2 29. Qd4 Nxd1 30. Rxd1 Qc5 0-1

[Event "EU-ch Blitz"]
[Site "Zagreb"]
[Date "2023.12.16"]
[Round "13"]
[White "Nguyen, Thai Dai Van"]
[Black "Baidetsky, Valentin"]
[Result "0-1"]
[WhiteElo "2632"]
[BlackElo "2488"]
[PlyCount "90"]
[EventDate "2023.12.16"]
[EventType "swiss (blitz)"]
[EventRounds "13"]
[EventCountry "CRO"]
[SourceTitle "CBM 217 Extra"]
[Source "ChessBase"]
[SourceDate "2024.01.31"]
[SourceVersion "1"]
[SourceVersionDate "2024.01.31"]
[SourceQuality "1"]

1. Nf3 d6 2. d4 Nf6 3. c4 g6 4. Nc3 Bg7 5. g3 0-0 6. Bg2 Nc6 7. 0-0 e5 8. dxe5 dxe5 9. Bg5 Be6 10. Qa4 Qc8 11. Rfd1 Nd7 12. Nd5 Nb6 13. Qc2 f5 14. e4 Kh8 15. Be3 f4 16. Bc5 Re8 17. Ng5 Bg8 18. Bh3 Qb8 19. a4 fxg3 20. hxg3 Nd4 21. Bxd4 exd4 22. a5 Nxd5 23. cxd5 Qd8 24. Nf3 c6 25. dxc6 bxc6 26. Qxc6 Rb8 27. e5 Bd5 28. Nxd4 Bxc6 29. Nxc6 Qc7 30. Nxb8 Qxb8 31. e6 Qxb2 32. Rab1 Qe5 33. Rb7 Qxa5 34. Rdd7 Qa1+ 35. Kg2 a5 36. Ra7 Qe5 37. Bg4 h5 38. Bf3 Rxe6 39. Bd5 Re8 40. Rxa5 Rf8 41. Raa7 Qd4 42. Bf3 Qf6 43. Rd3 h4 44. gxh4 Qxh4 45. Ra4 Qxa4 0-1